00522nam a22001697a 450000500170000001000150001702000260003203500140005803700090007208200060008110000210008724500790010826000430018727000670023030000260029770000290032320220315123456.0 aENG-131991 a9788123780436c125.00 aEN-115523 bDBAD aN aSahay,Brijnandan aThe Aesthete/cBrijnandan Sahay And Translated by Murari Madhusudan Thakur a New Delhi bNational Book Trustc2017 aNehru Bhawan,5 Institutional Area,Phase IIb New Delhie110070 axxvi,139p.c22cm(pbk) aThakur,Murari Madhusudan